000 00612nam a2200241 i 4500
003 DO-SdBNP
005 20240408091532.0
007 ta
008 240408s1997 dr 000 0 spa d
040 _aDO-SdBNP
_bspa
_cBNPHU
_erda
082 4 _bG724
_222
100 _953018
245 1 3 _aGoya
264 _aSanto Domingo :
_bAyuntamiento de Zaragoza
_c1997.
300 _a14 páginas
_c22 cm.
336 _2rdacontent
_atexto
_btxt
337 _2rdamedia
_asin mediación
_bn
338 _2rdacarrier
_avolumen
_bnc
590 _aInventariado, 2024/ DG
700 _984660
910 _aDG
942 _2ddc
_cLF2
999 _c56284
_d56284